00874 2200301 4500001002100000005001700021008004100038020002200079035002400101040001200125041000800137082001700145084001700162090002100179100003200200245009500232250001100327260003900338300003600377504003000413650001400443650003400457650002600491700001200517700000900529850001200538990002200550INLIS00000000003335120180227100149.0  a978-602-6380-06-7 0010-021800000000076 aYOPDYOG0 aind042[23]a153.69 a153.69 Har M aDEP 153.69 Har M0 aHARFI MUTHIA RAHMId, 1983-1 aThe master book of psychologyc/ Harfi Muthia Rahmi; penyunting, Waskito; ilustrator, Peri aCet. 1 aYogyakartabPsikologi Cornerc2016 avi, 250 hlm.b: ilus.c; 20 cm. aBibliografi: hlm. 249-250 4aPsikologi 4aIsyarat dan pemberian isyarat 4aKomunikasi non verbal0 aWASKITO0 aPERI aYOPDYOG aCB-D.11/2016-2528